Popularne strony internetowe - Statystyki

Ogólne statystyki
  • Ten quiz został rozwiązany 721 razy
  • Średni wynik to 4 z 11
Statystyki odpowiedzi
Odpowiedzi % Poprawnych
Facebook
74%
Google
70%
Instagram
65%
Allegro
40%
Twitter
40%
WP
33%
Onet
31%
OLX
30%
NETFLIX
25%
HBO
10%
Kurnik
1%
Nie znaleziono quizów pasujących do podanych kryteriów
Rozkład punktacji
Procent ludzi z każdym wynikiem
Percentyl według liczby udzielonych odpowiedzi
Twoja historia wyników
Nie rozwiązałeś tego quizu